000 00292nam a22001337a 4500
008 180316b xxu||||| |||| 00| 0 eng d
020 _a9780312052546
041 _aeng
080 _22nd
_a37
100 _a25
101 _aEDU
245 _aA writer's reference
_cHacker,D
942 _2udc
_cBK
999 _c45249
_d45249